<The> Conditions and assumptions of Slovak socio-cultural development model
Poznatky v etape vývoja spoločnosti. Otázky merania poznatovej spoločnosti. Faktory poznatkovej spoločnosti.
Gespeichert in:
| 1. Verfasser: | |
|---|---|
| Format: | Buchkapitel |
| Sprache: | Englisch |
| Schlagworte: | |
| Tags: |
Keine Tags, Fügen Sie das erste Tag hinzu!
|
MARC
| LEADER | 00000naa a2200000 4500 | ||
|---|---|---|---|
| 001 | 0182645 | ||
| 005 | 20230908075434.6 | ||
| 041 | 0 | |a eng | |
| 044 | |a CZ | ||
| 245 | 1 | 0 | |a <The> Conditions and assumptions of Slovak socio-cultural development model |c Silvia Matúšová |
| 520 | |a Poznatky v etape vývoja spoločnosti. Otázky merania poznatovej spoločnosti. Faktory poznatkovej spoločnosti. | ||
| 610 | 2 | 0 | |a spoločnosť vedomostná |
| 610 | 2 | 0 | |a Slovensko |
| 610 | 2 | 0 | |a kapitál ľudský |
| 610 | 2 | 0 | |a vývoj sociálny |
| 610 | 2 | 0 | |a vývoj spoločenský |
| 100 | 1 | |a Matúšová, Silvia | |